Viruskman (Registro nro. 11446)

Detalles MARC
000 -LIDER
fixed length control field 00721nam a22002537a 4500
001 - NÚMERO DE CONTROL
Identificador de número de control 000687
003 - IDENTIFICACDOR DE NÚMERO DE CONTROL
control field DO-SdBNP
005 - DATE AND TIME OF LATEST TRANSACTION
control field 20180207094019.0
007 - CAMPOS FIJOS DE DESCRIPCIÓN FÍSICA
fixed length control field 000687
008 - ELEMENTOS DE LONGITUD FIJA
fixed length control field 151210b 2008 xxu 00| 0 spa d
020 ## - ISBN
International Standard Book Number 9781598350791
040 ## - FUENTE DE CATALOGACIÓN
Agencia que crea de manera original el registro BPMSU
Idioma de catalogación spa
Agencia que realiza la transcripción BPMSU
092 ## - LOCALLY ASSIGNED DEWEY DECIMAL CALL NUMBER
Número de clasificación xxxx
Número de ítem (Cutter) xxxx
100 1# - ASIENTO PRINCIPAL -- NOMBRE PERSONAL
Nombre personal Méndez Matos, Natanael
Títulos u otras palabras asociadas con el nombre Cóndor Zebra
245 10 - MENCIÓN DE TITULO
Título Viruskman
Subtítulo guerra de virus emergentes y códigos secretos /
Mención de responsabilidad Natanael Méndez Matos
260 ## - PUBLICACIÓN, DISTRIBUCIÓN, ETC. (PIE DE IMPRENTA)
Lugar de publicación, distribución, etc Massachusetts, Estados Unidos ;
Nombre del editor, distribuidor, etc. CBH books,
Fecha de publicación, distribución, etc 2008.
300 ## - DESCRIPCIÓN FÍSICA
Extensión 188 p.;
Dimensiones 22 cm.
490 ## - MENCIÓN DE SERIES
Mención de serie Abalorios
Volume/sequential designation 25
830 #0 - ASIENTO SECUNDARIO DE SERIE--TÍTULO UNIFORME
Título uniforme Abalorios
Número de la parte o sección de una obra 25
910 ## - VALIDACIÓN
Validación 00144
942 ## - ADDED ENTRY ELEMENTS (KOHA)
Source of classification or shelving scheme Dewey Decimal Classification
Koha item type Libros
945 ## - INFORMACIÓN DE PROCESAMIENTO LOCAL
Información de procesamiento local inventariado, 2018 / dg
956 ## - LOCAL ELECTRONIC LOCATION AND ACCESS (OCLC)
Nombre de host Yngrid Lockward
Número de acceso 10
Existencias
Withdrawn status Lost status Source of classification or shelving scheme Damaged status Not for loan Home library Current library Date acquired Source of acquisition Total Checkouts Barcode Date last seen Price effective from Koha item type
    Dewey Decimal Classification     Biblioteca Pública Metropolitana Salomé Ureña Biblioteca Pública Metropolitana Salomé Ureña 09/19/2016 Sin sellar   BPMSU16090405 09/19/2016 09/19/2016 Libros